000 00531nam a2200217Ia 4500
003 OSt
005 20220928140622.0
006 a|||||r|||| 00| 0
007 ta
008 220927b |||||||| |||| 00| 0 eng d
024 _a10122
037 _cTextual
040 _aSDCL
_cSDCL
_beng
041 _2eng
_aeng
082 _aX:77.2'N7, L4
100 _aSingh Tarlok
245 0 _aIndia's development experience
260 _c1974
942 _hX:77.2'N7, L4
_cTEXL
_2CC
999 _c812644
_d812644